عرض عادي عرض مارك
  • العالم العربي

دخول Geographic Name

عدد التسجيلات المستخدمة: 4

001 - CONTROL NUMBER

  • control field: 11802

003 - CONTROL NUMBER IDENTIFIER

  • control field: AE-AdECS

005 - DATE AND TIME OF LATEST TRANSACTION

  • control field: 20250205084123.0

008 - FIXED-LENGTH DATA ELEMENTS

  • fixed length control field: 250205|| aca||aabn | a|a d

040 ## - CATALOGING SOURCE

  • Original cataloging agency: AE-AdECS
  • Transcribing agency: AE-AdECS

151 ## - HEADING--GEOGRAPHIC NAME

  • Geographic name: العالم العربي
  • General subdivision: العلاقات الخارجية

670 ## - SOURCE DATA FOUND

  • Source citation: Work cat.: (AE-AdECS)155829: غباش، حسين، 1953-2020 مؤلف. 1337098, الإمارات و المستقبل و قضايا راهنة /

أبوظبي، الإمارات العربية المتحدة

reference@ecssr.ae

97124044780 +

حقوق النشر © 2026 مركز الإمارات للدراسات والبحوث الاستراتيجية جميع الحقوق محفوظة